| 000 | 00668nam a2200241Ia 4500 | ||
|---|---|---|---|
| 003 | OSt | ||
| 005 | 20220928131343.0 | ||
| 006 | a|||||r|||| 00| 0 | ||
| 007 | ta | ||
| 008 | 220927b |||||||| |||| 00| 0 eng d | ||
| 024 | _a73723 | ||
| 037 | _cTextual | ||
| 040 |
_aSDCL _cSDCL _beng |
||
| 041 |
_2eng _aeng |
||
| 082 | _aY:1.2'C6, K3 | ||
| 100 | _aAgrawala V S | ||
| 245 | 0 |
_aIndia as know to Panini _b A study of the cultural material in the Asjtadhyayi. |
|
| 250 | _aRev ed 2 | ||
| 260 |
_aVaranasi _bPrithvi Prakashan _c1963 |
||
| 300 |
_axxiv,612p _ccm. |
||
| 942 |
_hY:1.2'C6, K3 _cTEXL _2CC |
||
| 999 |
_c790293 _d790293 |
||